LIBRARY & INFORMATION CENTRE, KCAET, TAVANUR

ONLINE PUBLIC ACCESS CATALOGUE (OPAC)

Keats and Shakespeare : A study of Keat`s poetic life from 1816 to 1820 / (Record no. 12025)

MARC details
000 -LEADER
fixed length control field 00488cam a2200169ua 4500
041 ## - LANGUAGE CODE
Language code of text/sound track or separate title eng
082 ## - DEWEY DECIMAL CLASSIFICATION NUMBER
Classification number 828.09
Item number MUR/KE
100 ## - MAIN ENTRY--AUTHOR NAME
Personal name Murray, John Middleton .
245 ## - TITLE STATEMENT
Title Keats and Shakespeare : A study of Keat`s poetic life from 1816 to 1820 /
260 ## - PUBLICATION, DISTRIBUTION, ETC. (IMPRINT)
Place of publication London :
Name of publisher Oxford University Press ,
Year of publication 1964.
300 ## - PHYSICAL DESCRIPTION
Number of Pages 248 ; .
942 ## - ADDED ENTRY ELEMENTS (KOHA)
Koha item type Books
Holdings
Withdrawn status Lost status Damaged status Home library Current library Date acquired Full call number Accession Number Koha item type
Withdrawn     KAUAET Sanskrit University 07/04/2012 828.09 5123 Books
free website counter